Central Library OPAC University of Rajshahi

Dynamics of rural development in tribal areas : (Record no. 60167)

MARC details
000 -LEADER
fixed length control field 00832nam a2200229 a 4500
001 - CONTROL NUMBER
control field 60167
003 - CONTROL NUMBER IDENTIFIER
rucl marc code BD-RjUL
005 - DATE AND TIME OF LATEST TRANSACTION
control field 20211209080818.0
008 - FIXED-LENGTH DATA ELEMENTS--GENERAL INFORMATION
fixed length control field 161228s1984 ii bd b 001 0 eng d
035 ## - SYSTEM CONTROL NUMBER
System control number (BD-RjUL) 60291
040 ## - CATALOGING SOURCE
Original cataloging agency BD-RjUL
Language of cataloging eng
Transcribing agency BD-RjUL
Modifying agency BD-RjUL
041 ## - LANGUAGE CODE
Language code of text/sound track or separate title eng
082 ## - DEWEY DECIMAL CLASSIFICATION NUMBER
Edition number 23
Classification number 307.14095493
Author mark and year PAD 1984
100 1# - MAIN ENTRY--PERSONAL NAME
Personal name Pachauri, S. K.
Fuller form of name (Surendra Kumar),
Dates associated with a name 1944-
9 (RLIN) 179119
245 10 - TITLE STATEMENT
Title Dynamics of rural development in tribal areas :
Remainder of title a study of Srikakulam District, Andhra Pradesh /
Statement of responsibility, etc. S.K. Pachauri
260 ## - PUBLICATION, DISTRIBUTION, ETC. (IMPRINT)
Place of publication, distribution, etc. New Delhi :
Name of publisher, distributor, etc. Concept Pub. Co,
Date of publication, distribution, etc. c1984
300 ## - PHYSICAL DESCRIPTION
Pagination xiv, 262 p. :
Illustrations ill. ;
Size 23 cm
504 ## - BIBLIOGRAPHY, ETC. NOTE
Bibliography, etc Bibliography: p. [248]-255 and index.
650 #0 - SUBJECT ADDED ENTRY--TOPICAL TERM
Topical term or geographic name as entry element Rural development
Geographic subdivision India
-- Srikakulam (District)
9 (RLIN) 179120
651 #0 - SUBJECT ADDED ENTRY--GEOGRAPHIC NAME
Geographic name Srikakulam (India : District)
General subdivision Scheduled tribes
9 (RLIN) 179121
942 ## - ADDED ENTRY ELEMENTS (KOHA)
Source of classification or shelving scheme Dewey Decimal Classification
Koha item type Books
Holdings
Lost status Source of classification or shelving scheme Damaged status Not for loan Collection code Permanent Location Current Location Shelving location Date acquired Source of acquisition Cost, normal purchase price Total Checkouts Full call number Date last seen Copy number Koha item type
  Dewey Decimal Classification   Not For Loan Non-fiction Central Library, University of Rajshahi Central Library, University of Rajshahi Reading Room 29/04/1989 Karim Int. 120.00   307.14095493 PAD 1984 28/12/2016 C-1 Books